000 00297nam a22001337a 4500
008 180307b xxu||||| |||| 00| 0 eng d
020 _a9781883577612
041 _aeng
080 _a004
100 _a28
101 _aSHK
245 _aWeb design guide for windows
_cFahey,M.J
942 _2udc
_cBK
999 _c44339
_d44339